LEADER 00720nam a2200169 i 4500 001 000000244034 003 CaOOAMICUS 005 20150728000000.0 008 150728s1881 it u000 u ita u 013 $a222939 040 $aSeMil$bita 245 10$aVol. 3. 300 $a707 p. 773 0 $aCalino, Cesare $tConsiderazioni e discorsi familiari e morali per ogni giorno dell'anno ad uso specialmente dei parrochi dei direttori di congregazioni e di esercizi spirituali.$bNuova ed. riveduta e corretta.$dPrato : per Ranieri Guasti, 1881.$g3$w()32291 850 $aSeMil 852 $aSeMil$W1$xVenegono$y1$m3F V 3 FA$j194380$B194380$CSeMilBibl$Z2$F205001 $8I 996 $6245$aVol. 3$9(OLS)http://semarc/title/80712 LEADER 01104nam a2200265 i 4500 001 000000201386 003 CaOOAMICUS 005 20110428000000.0 008 110428n it u000 u ita u 013 $a180087 040 $aSeMil$bita 240 00$aOrdo virginum.$0(OLS)http://semarc/title/291416 245 10$aOrdo virginum :$bappunti. 260 $a[S.l. :$bs.n.],$c[1990] 300 $a1 v. (varie sequenze) ;$c22 cm. 650 4$aOrdo Virginum.$0(OLS)http://semarc/subject/18095 700 1 $aCitrini, Tullio <1942- >.$0(OLS)http://semarc/name/89721 700 1 $aBrovelli, Franco,$d<1941- >.$0(OLS)http://semarc/name/15532 700 1 $aCoccopalmerio, Francesco,$c.$0(OLS)http://semarc/name/16613 700 1 $aMartinelli, Romano,$c.$0(OLS)http://semarc/name/26034 850 $aSeMil 852 $aSeMil$W1$xVenegono$y1$m5B III 13/10$j151912$B151912$CSeMilBibl$Z2$F163069 $81 961 $aOmaggio: Altro 996 $6245$aOrdo virginum :$bappunti$9(OLS)http://semarc/title/291417 996 $6260$a[S.l. :$bs.n.]$9(OLS)http://semarc/publisher/29751